|
|
|
|
| LEADER |
01678cas a2200241 a 4500 |
| 001 |
AALejournalIMF010027 |
| 008 |
230101c9999 xx r poo 0 0eng d |
| 020 |
|
|
|c 5.00 USD
|
| 020 |
|
|
|z 9781451957860
|
| 022 |
|
|
|a 1018-5941
|
| 040 |
|
|
|a BD-DhAAL
|c BD-DhAAL
|
| 110 |
2 |
|
|a International Monetary Fund.
|
| 245 |
1 |
0 |
|a Economic Interdependence and the International Implications of Supply-Side Policies.
|
| 264 |
|
1 |
|a Washington, D.C. :
|b International Monetary Fund,
|c 1989.
|
| 300 |
|
|
|a 1 online resource (30 pages)
|
| 490 |
1 |
|
|a IMF Working Papers
|
| 500 |
|
|
|a <strong>Off-Campus Access:</strong> No User ID or Password Required
|
| 500 |
|
|
|a <strong>On-Campus Access:</strong> No User ID or Password Required
|
| 506 |
|
|
|a Electronic access restricted to authorized BRAC University faculty, staff and students
|
| 520 |
3 |
|
|a This paper evaluates the effect of foreign debt on investment in a heavily-indebted country, using numerical simulations of a simple rational expectations growth model. Two particular effects are distinguished. First, the effect due to 'debt overhang' of past accumulated debts; and second, the effect of 'credit rationing' or inability to obtain new financing. The results from the simulations indicate the credit rationing may be a powerful disincentive to investment. This suggests that in order to maximize the impact on productive investment, debt reduction plans need to be accompanied by additional foreign lending.
|
| 538 |
|
|
|a Mode of access: Internet
|
| 830 |
|
0 |
|a IMF Working Papers; Working Paper ;
|v No. 1989/074
|
| 856 |
4 |
0 |
|z Full text available on IMF
|u http://elibrary.imf.org/view/journals/001/1989/074/001.1989.issue-074-en.xml
|z IMF e-Library
|